Los héroes: el culto de los héroes y lo heroico en la historia

Guardado en:
Detalles Bibliográficos
Autor principal: Carlyle, Tomás (Autor)
Formato: Libro
Lenguaje:español
Publicado: Ciudad de México Porrua 1976
Colección:Sepan cuantos, 307
Materias:
Etiquetas: Agregar Etiqueta
Sin Etiquetas, Sea el primero en etiquetar este registro!

MARC

LEADER 00000nam a2200000 a 4500
001 UCY2454
003 CL-VaPUC
008 941027e19760000MX |||||||||||||||||spa|d
082 0 4 |a 398.22  |b CAR  |2 21 
100 0 |a Carlyle, Tomás  |e author  |9 330481 
245 1 4 |a Los héroes: el culto de los héroes y lo heroico en la historia 
300 |a 195 p 
942 |c BK 
945 |d 19941027 00:00:00  |a mfernand 
260 |a Ciudad de México  |b Porrua  |c 1976 
650 7 |a HEROES  |2 CL-VaPUC  |9 313740 
583 |a last modification  |c 19941027 00:00:00  |k Rodrigo Vera 
490 0 |a Sepan cuantos, 307 
999 |c 230856  |d 230854 
952 |0 0  |1 0  |4 0  |6 398_220000000000000_CAR_1976  |7 0  |8 P  |9 233466  |a BIBARQ  |b BIBARQ  |d 2019-11-15  |i 3027252  |o 398.22 CAR 1976  |p 3027252  |r 2025-01-20  |w 2019-11-15  |y BK  |k ARQ